The First Three Quiz Stats

Quiz Updated Dec 17, 2014

Also try: First Five
Challenge
Share
Tweet
Embed
Score 0/36 Timer 04:00
0 Plays Today
Hint Answer % Correct
Planets from the SunEarth
96%
Digits of Pi3
94.9%
Planets from the SunVenus
94.9%
Digits of Pi1
94.9%
Digits of Pi4
94.6%
Planets from the SunMercury
93.2%
Letters of the Greek AlphabetAlpha
93%
Letters of the Greek AlphabetBeta
91.5%
Presidents of the United StatesGeorge Washington
91.4%
Disney PrincessesSnow White
88%
Disney PrincessesCinderella
86.6%
Presidents of the United StatesJohn Adams
78.4%
Stages of the Butterfly Life CycleCaterpillar
78.1%
Disney PrincessesAurora
74.7%
Harry Potter BooksHarry Potter and the Sorcerer's Stone
74%
Presidents of the United StatesThomas Jefferson
73.9%
Books of the New TestamentLuke
67.9%
Books of the New TestamentMatthew
66.6%
Hint Answer % Correct
Books of the New TestamentMark
66.6%
Grand Slam Tennis Tournaments*Wimbledon
65.2%
Letters of the Greek AlphabetGamma
65%
Harry Potter BooksHarry Potter and the Chamber of Secrets
64.8%
Harry Potter BooksHarry Potter and the Prisoner of Azkaban
63.4%
Kellogg's Breakfast CerealsCorn Flakes
61.9%
Katy Perry US #1 SinglesI Kissed A Girl
57.8%
Grand Slam Tennis Tournaments*French Open
57.2%
Grand Slam Tennis Tournaments*Australian Open
53.8%
Stages of the Butterfly Life CyclePupa
53.2%
Pirates of the Caribbean MoviesPirates of the Caribbean: The Curse of the Black Pearl
48.6%
Pirates of the Caribbean MoviesPirates of the Caribbean: Dead Man's Chest
46.8%
Stages of the Butterfly Life CycleEgg
43.2%
Pirates of the Caribbean MoviesPirates of the Caribbean: At World's End
36.4%
Katy Perry US #1 SinglesCalifornia Gurls (feat. Snoop Dogg)
31.1%
Katy Perry US #1 SinglesTeenage Dream
21%
Kellogg's Breakfast CerealsAll Bran
12.3%
Kellogg's Breakfast CerealsBran Flakes
11.1%

You're not logged in!

Compare scores with friends on all Sporcle quizzes.
Join for Free
OR
Log In

You Might Also Like...

Show Comments

Extras

Top Quizzes Today


Score Distribution

Your Account Isn't Verified!

In order to create a playlist on Sporcle, you need to verify the email address you used during registration. Go to your Sporcle Settings to finish the process.

Report this User

Report this user for behavior that violates our Community Guidelines.

Details: